El templo de la Sagrada Familia
Saved in:
| Hovedforfatter: | |
|---|---|
| Format: | Bog |
| Sprog: | spansk |
| Udgivet: |
Barcelona
Omega
1952
|
| Fag: | |
| Tags: |
Tilføj Tag
Ingen Tags, Vær først til at tagge denne postø!
|
MARC
| LEADER | 00000nam a2200000 a 4500 | ||
|---|---|---|---|
| 001 | UCT0975 | ||
| 003 | CL-VaPUC | ||
| 008 | 960913e19520000SP |||||||||||||||||spa|d | ||
| 082 | 0 | 4 | |a 726.1 |b PUI |2 21 |
| 100 | 0 | |a Puig Boada, I |e author |9 369611 | |
| 245 | 1 | 3 | |a El templo de la Sagrada Familia |
| 300 | |a 162 p | ||
| 942 | |c BK | ||
| 945 | |d 19960913 00:00:00 |a rleighto | ||
| 260 | |a Barcelona |b Omega |c 1952 | ||
| 600 | 0 | 7 | |a TEMPLO DE LA SAGRADA FAMILIA |2 CL-VaPUC |9 369612 |
| 650 | 7 | |a TEMPLOS |2 CL-VaPUC |9 266644 | |
| 650 | 0 | |a Iglesias |9 352850 | |
| 650 | 0 | |a Arquitectura religiosa |9 266677 | |
| 650 | 0 | |a Arte religioso |9 330545 | |
| 650 | 0 | |a Iconografía |9 267998 | |
| 651 | 0 | |a España |9 254926 | |
| 583 | |a last modification |c 19960913 00:00:00 |k Rodrigo Vera | ||
| 999 | |c 251656 |d 251654 | ||
| 952 | |0 0 |1 0 |4 0 |6 726_100000000000000_PUI_1952 |7 0 |8 A |9 270971 |a BIBARQ |b BIBARQ |d 2019-11-19 |i 3231046 |o 726.1 PUI 1952 |p 3231046 |r 2025-01-20 |w 2019-11-19 |y BK |k ARQ | ||